<?xml version="1.0" encoding="UTF-8"?>
<collection xmlns="http://www.loc.gov/MARC21/slim">
  <record>
    <leader>00000nam  2200000   4500</leader>
    <controlfield tag="001">INLIS000000000001702</controlfield>
    <controlfield tag="005">20180724142900</controlfield>
    <controlfield tag="008">180724|||||||||   |   |||   |||| ||   | </controlfield>
    <datafield tag="035" ind1=" " ind2=" ">
      <subfield code="0">010-0718001702</subfield>
    </datafield>
    <datafield tag="041" ind1=" " ind2=" ">
      <subfield code="a">id</subfield>
    </datafield>
    <datafield tag="082" ind1=" " ind2=" ">
      <subfield code="a">R.060 PIM I 2016</subfield>
    </datafield>
    <datafield tag="090" ind1=" " ind2=" ">
      <subfield code="a">R.060 PIM I 2016</subfield>
    </datafield>
    <datafield tag="100" ind1=" " ind2=" ">
      <subfield code="a">Djaya Ilham</subfield>
    </datafield>
    <datafield tag="245" ind1=" " ind2=" ">
      <subfield code="a">Lembaga Pemasyarakatan Produktif Meningkatkan Kualitas Narapidana</subfield>
    </datafield>
    <datafield tag="260" ind1=" " ind2=" ">
      <subfield code="a">Jakarta</subfield>
      <subfield code="b">LAN Jakarta</subfield>
      <subfield code="c">2016</subfield>
    </datafield>
    <datafield tag="300" ind1=" " ind2=" ">
      <subfield code="a">40 hlm., Ilus, 30 cm</subfield>
    </datafield>
    <datafield tag="500" ind1=" " ind2=" ">
      <subfield code="a">Sosialisasi Proyek Perubahan dilakukan dengan memanfaatkan berbagai kegiatan yang telah diagendakan selama tahun anggaran 2016, baik yang diselenggarakan pada Internal Kementerian Hukum dan HAM, yaitu: Kantor Wilayah Kementerian Hukum dan HAM Sulawesi Tenggara, jajaran Direktorat Jenderal Pemasyarakatan, unit-unit Eselon I Pusat, Staf Ahli dan Staf Khusus Menteri maupun eksternal Kementerian Hukum dan HAM (PT. Holcim, PT Sarinah, Bank Negara Indonesia, Kementerian Perindustrian, Kementerian Perdagangan, dan Kementerian UKM)</subfield>
    </datafield>
    <datafield tag="650" ind1=" " ind2=" ">
      <subfield code="a">Kualitas Narapidana</subfield>
    </datafield>
  </record>
</collection>
